| 000 | 00744nam a2200229 a 4500 | ||
|---|---|---|---|
| 001 | 83721 | ||
| 003 | BD-RjUL | ||
| 005 | 20240512124957.0 | ||
| 008 | 240512s1972 bg ||||| |||| 00| 0 ben d | ||
| 035 | _a(BD-RjUL)83721 | ||
| 040 |
_aBD-RjUL _bben _cBD-RjUL |
||
| 041 | _aben | ||
| 082 |
_223 _aB 891.441 _bUDR 1972 |
||
| 100 |
_aউদদীন, জসীম _9137105 |
||
| 245 |
_aরঙিলা নায়ের মাঝি / _cজসীম উদদীন |
||
| 250 | _a৮ম সং | ||
| 260 |
_aঢাকা : _bপলাস প্রকাশনী, _c১৯৭২. |
||
| 300 |
_a৫৬ পৃ. ; _c২১ সেমি. |
||
| 650 |
_aবাংলা কবিতা _9137106 |
||
| 650 |
_aBengali Poetry _9137107 |
||
| 942 |
_2ddc _cBK |
||
| 999 |
_c83721 _d83721 |
||